MARC details
| 000 -LEADER |
| fixed length control field |
02179nam a22003497a 4500 |
| 001 - CONTROL NUMBER |
| control field |
103653 |
| 003 - CONTROL NUMBER IDENTIFIER |
| control field |
KnowledgeUnlatched |
| 005 - DATE AND TIME OF LATEST TRANSACTION |
| control field |
20210303105133.0 |
| 006 - FIXED-LENGTH DATA ELEMENTS--ADDITIONAL MATERIAL CHARACTERISTICS |
| fixed length control field |
m o d |
| 007 - PHYSICAL DESCRIPTION FIXED FIELD--GENERAL INFORMATION |
| fixed length control field |
cr u|||||||||| |
| 008 - FIXED-LENGTH DATA ELEMENTS--GENERAL INFORMATION |
| fixed length control field |
210129p20182019gw o u00| u eng d |
| 037 ## - SOURCE OF ACQUISITION |
| Institution to which field applies |
BiblioBoard |
| 020 ## - INTERNATIONAL STANDARD BOOK NUMBER |
| International Standard Book Number |
9783737009416 |
| 029 1# - OTHER SYSTEM CONTROL NUMBER (OCLC) |
| OCLC library identifier |
https://library.biblioboard.com/ext/api/media/1442c7be-306d-46bd-8f7f-5c51c5d989f5/assets/thumbnail.jpg |
| 040 ## - CATALOGING SOURCE |
| Original cataloging agency |
ScCtBLL |
| Transcribing agency |
ScCtBLL |
| 100 1# - MAIN ENTRY--PERSONAL NAME |
| Personal name |
Avdela, Efi |
| Relator term |
author. |
| 245 00 - TITLE STATEMENT |
| Title |
When Juvenile Delinquency Became an International Post-War Concern |
| Remainder of title |
The United Nations, the Council of Europe and the Place of Greece / |
| Statement of responsibility, etc. |
Efi Avdela. |
| 264 #1 - PRODUCTION, PUBLICATION, DISTRIBUTION, MANUFACTURE, AND COPYRIGHT NOTICE |
| Name of producer, publisher, distributor, manufacturer |
Vandenhoeck & Ruprecht, |
| 300 ## - PHYSICAL DESCRIPTION |
| Extent |
1 online resource (55 p.) |
| 506 0# - RESTRICTIONS ON ACCESS NOTE |
| Terms governing access |
Access copy available to the general public. |
| Standardized terminology for access restriction |
Unrestricted |
| Source of term |
star |
| 520 ## - SUMMARY, ETC. |
| Summary, etc. |
"This book examines how the intensive discussions about the issue of juvenile delinquency in the new international organizations (United Nations, World Health Organization, Council of Europe), which emerged after the end of the Second World War, internationalized the anxieties generated in the fifties and sixties by its purported increase in Europe and beyond. Greece, a regular member-state, anxious to ensure international legitimacy in the aftermath of the Civil War, presented abroad an embellished picture of the measures undertaken at home for the prevention and containment of juvenile delinquency, sidestepping the strong moralism and the juridical formalism that dominated both official and unofficial approaches." |
| 588 0# - SOURCE OF DESCRIPTION NOTE |
| Source of description note |
Description based on print version record. |
| 590 ## - LOCAL NOTE (RLIN) |
| Local note |
KU Open Services |
| 650 #7 - SUBJECT ADDED ENTRY--TOPICAL TERM |
| Topical term or geographic name entry element |
Political Science |
| Source of heading or term |
bisacsh |
| 650 #0 - SUBJECT ADDED ENTRY--TOPICAL TERM |
| Topical term or geographic name entry element |
Political science |
| 655 #0 - INDEX TERM--GENRE/FORM |
| Genre/form data or focus term |
Electronic books. |
| 758 ## - |
| -- |
Is found in: |
| -- |
Knowledge Unlatched |
| -- |
https://openresearchlibrary.org/module/2774bc74-146a-484f-a7ba-ab1d6a09bbfb |
| 856 40 - ELECTRONIC LOCATION AND ACCESS |
| Uniform Resource Identifier |
<a href="https://openresearchlibrary.org/content/1442c7be-306d-46bd-8f7f-5c51c5d989f5">https://openresearchlibrary.org/content/1442c7be-306d-46bd-8f7f-5c51c5d989f5</a> |
| Public note |
View this content on Open Research Library. |
| -- |
0 |